The ACS style guide : a manual for authors and editors /

সংরক্ষণ করুন:
গ্রন্থ-পঞ্জীর বিবরন
সংস্থা লেখক: American Chemical Society
অন্যান্য লেখক: Dodd, Janet S., 1944-, Brogan, Marianne C.
বিন্যাস: গ্রন্থ
ভাষা:English
প্রকাশিত: Washington, DC : American Chemical Society, 1986.
বিষয়গুলি:
LEADER 01565cam a2200445 a 4500
001 c000276523
003 CARM
005 20071116134455.0
008 850827s1986 dcu b 001 0 eng
010 |a 85021472 
019 1 |a 4213488  |z 64966450  |5 LACONCORD2021 
020 |a 0841209170 
020 |a 084120943X (pbk.) 
035 |a (OCoLC)12558297  |5 LACONCORD2021 
040 |a LC  |b eng  |c LC  |d VIT 
050 0 |a QD8.5  |b .A25 1986 
050 4 |a QD8.5  |b .A25 1986 
050 0 0 |a QD8.5  |b .A25 1986 
050 1 4 |a QD8.5  |b .A25 1986 
082 0 0 |a 808/.06654  |2 19 
082 0 0 |a 808.06654 
082 0 4 |a 808/.06654  |2 19 
082 0 4 |a 808.06654  |2 22 
082 0 4 |a 808 .06654  |2 19 
082 1 4 |a 808/.06654  |2 19 
082 0 4 |a 808/06654 
245 0 4 |a The ACS style guide :  |b a manual for authors and editors /  |c Janet S. Dodd, editor ; Marianne C. Brogan, advisory editor. 
260 |a Washington, DC :  |b American Chemical Society,  |c 1986. 
300 |a xvii, 264 p. ;  |c 23 cm. 
500 |a Includes index. 
504 |a Bibliography: p. 243-246. 
505 0 |a Includes index. 
650 0 |a Chemical literature  |x Authorship  |x Handbooks, manuals, etc. 
650 0 |a English language  |x Style  |x Handbooks, manuals, etc. 
700 1 |a Dodd, Janet S.,  |d 1944- 
700 1 |a Brogan, Marianne C. 
710 2 |a American Chemical Society. 
852 8 |b CARM  |h A1:AM12F0  |i B09387  |p 0396485  |f BK 
999 f f |i 7ab18d3a-b983-5c4b-9008-cfe9e7cb5ab3  |s 9068847d-1ef1-5ce9-baa2-c3ebec77eab9 
952 f f |p Can circulate  |a CAVAL  |b CAVAL  |c CAVAL  |d CARM 1 Store  |e B09387  |f A1:AM12F0  |h Other scheme  |i book  |m 0396485